| 000 | 00879pam a2200289 a 4500 | ||
|---|---|---|---|
| 001 | 5536 | ||
| 003 | BD-RjUL | ||
| 005 | 20211208234101.0 | ||
| 008 | 131226s1982 nju 001 0 eng | ||
| 020 | _a0136581382 (hard) | ||
| 020 | _a013658120X (pbk.) : | ||
| 035 | _a(BD-RjUL)5572 | ||
| 040 |
_aDLC _cDLC _dDLC _dBD-RjUL _beng |
||
| 041 | _aeng | ||
| 082 | 0 | 0 |
_a349.73 _219 _bMCP 1982 |
| 100 | 1 |
_aMcGinn, Joseph C. _917341 |
|
| 245 | 1 | 0 |
_aPersonal law : _bthe most common legal problems and how to solve them / _cby Joseph C. McGinn. |
| 260 |
_aEnglewood Cliffs, N.J. : _bPrentice-Hall, _cc1982. |
||
| 300 |
_aviii, 280 p. ; _c23 cm. |
||
| 500 | _a"A Spectrum book." | ||
| 500 | _aIncludes index. | ||
| 650 | 0 |
_aAttorney and client _zUnited States. _917342 |
|
| 650 | 0 |
_aLaw _zUnited States. _917343 |
|
| 942 |
_2ddc _cBK |
||
| 999 |
_c5536 _d5536 |
||